Ψυχολογικά προβλήματα της παιδικής ηλικίας : πλήρης οδηγός για όλους τους ενδιαφερομένους

Αποθηκεύτηκε σε:
Λεπτομέρειες βιβλιογραφικής εγγραφής
Κύριος συγγραφέας: Herbert, Martin
Άλλοι συγγραφείς: Παρασκευόπουλος, Ιωάννης Ν., 1933-
Μορφή: Βιβλίο
Γλώσσα:Greek
English
Δημοσίευση: Αθήνα : Ελληνικά Γράμματα, 1989.
Έκδοση:τ.1 με αρ.εισ. 016911 10 έκδ.
Σειρά:Εφαρμοσμένη ψυχολογία (Ελληνικά Γράμματα) ; 1
Θέματα:
Ετικέτες: Προσθήκη ετικέτας
Δεν υπάρχουν, Καταχωρήστε ετικέτα πρώτοι!

MARC

LEADER 00000cam a2200000 i 4500
001 1/21302
008 931001s1989 gr | ||| |||| ||gre||
020 |a 9607019121   |q (τ.1) 
020 |a 960719199   |q (τ.2) 
035 |a 1990  |b 1  |c Αγορά/Πολεμικός  |l 10036265 
040 |a GR-MyUA  |b gre  |e AACR2 
041 1 |a gre  |h eng 
082 7 |a 155.453   |2 (22) 
100 1 |a Herbert, Martin. 
245 1 0 |a Ψυχολογικά προβλήματα της παιδικής ηλικίας :   |b πλήρης οδηγός για όλους τους ενδιαφερομένους /   |c Martin Herbert ; επόπτης ελληνικής έκδοσης: Ιωάννης Ν. Παρασκευόπουλος.  
250 |a τ.1 με αρ.εισ. 016911 10 έκδ.  
260 |a Αθήνα :   |b Ελληνικά Γράμματα,   |c 1989.  
300 |a 2 τ.  
490 1 |a (Εφαρμοσμένη ψυχολογία / Ελληνικά Γράμματα ;   |v  1)  
500 |a Τίτλος πρωτοτύπου: Problems of childhood: a complete guide for all concerned.  
650 0 0 |a Problem children. 
650 0 0 |a Child psychology. 
700 1 |a Παρασκευόπουλος, Ιωάννης Ν.,   |d 1933- 
830 0 |a Εφαρμοσμένη ψυχολογία (Ελληνικά Γράμματα)  |v  ; 1 
852 |a INST  |b RHODES  |e 19931001  |h 155.453 HER  |p 005400003729  |q 005400003729  |t BK  |y 0  |z τ.2 
852 |a INST  |b RHODES  |e 19931001  |h 155.453 HER  |p 005400003730  |q 005400003730  |t BK  |y 0  |z τ.1 
852 |a INST  |b RHODES  |e 19931001  |h 155.453 HER  |p 005400003732  |q 005400003732  |t BK  |y 0  |z τ.1 
852 |a INST  |b RHODES  |e 19961004  |h 155.453 HER  |p 005400003733  |q 005400003733  |t BK  |y 0  |z τ.2 
852 |a INST  |b RHODES  |e 19931001  |h 155.453 HER  |p 005400003734  |q 005400003734  |t BK  |y 0  |z τ.2 
852 |a INST  |b RHODES  |e 19931001  |h 155.453 HER  |p 005400003735  |q 005400003735  |t BK  |y 0  |z τ.1 
852 |a INST  |b RHODES  |e 19931001  |h 155.453 HER  |p 005400006025  |q 005400006025  |t BK  |y 0  |z τ.2 
852 |a INST  |b RHODES  |e 19961004  |h 155.453 HER  |p 005400015529  |q 005400015529  |t BK  |y 0  |z τ.1 
852 |a INST  |b RHODES  |e 19931001  |h 155.453 HER  |p 005400032515  |q 005400032515  |t BK  |y 0  |z τ.1 
852 |a INST  |b RHODES  |e 19931001  |h 155.453 HER  |p N10011775  |q N10011775  |t BK  |y 12  |z τ.1 
852 |a INST  |b RHODES  |e 19931001  |h 155.453 HER  |p N10011776  |q N10011776  |t BK  |y 12  |z τ.2 
852 |a INST  |b RHODES  |e 19931001  |h 155.453 HER  |p N10011777  |q N10011777  |t BK  |y 12  |z τ.2 
852 |a INST  |b RHODES  |e 19931001  |h 155.453 HER  |p 005400003729  |q 005400003729  |t BK  |v τ.2:  |y 0  |z τ.2 
852 |a INST  |b RHODES  |e 19931001  |h 155.453 HER  |p 005400003730  |q 005400003730  |t BK  |v τ.1:  |y 0  |z τ.1 
852 |a INST  |b RHODES  |e 19931001  |h 155.453 HER  |p 005400003732  |q 005400003732  |t BK  |v τ.1:  |y 0  |z τ.1 
852 |a INST  |b RHODES  |e 19961004  |h 155.453 HER  |p 005400003733  |q 005400003733  |t BK  |v τ.2:  |y 0  |z τ.2 
852 |a INST  |b RHODES  |e 19931001  |h 155.453 HER  |p 005400003734  |q 005400003734  |t BK  |v τ.2:  |y 0  |z τ.2 
852 |a INST  |b RHODES  |e 19931001  |h 155.453 HER  |p 005400003735  |q 005400003735  |t BK  |v τ.1:  |y 0  |z τ.1 
852 |a INST  |b RHODES  |e 19931001  |h 155.453 HER  |p 005400006025  |q 005400006025  |t BK  |v τ.2:  |y 0  |z τ.2 
852 |a INST  |b RHODES  |e 19961004  |h 155.453 HER  |p 005400015529  |q 005400015529  |t BK  |v τ.1:  |y 0  |z τ.1 
852 |a INST  |b RHODES  |e 19931001  |h 155.453 HER  |p 005400032515  |q 005400032515  |t BK  |v τ.1:  |y 0  |z τ.1 
852 |a INST  |b RHODES  |e 19931001  |h 155.453 HER  |p N10011775  |q N10011775  |t BK  |v τ.1:  |y 12  |z τ.1 
852 |a INST  |b RHODES  |e 19931001  |h 155.453 HER  |p N10011776  |q N10011776  |t BK  |v τ.2:  |y 12  |z τ.2 
852 |a INST  |b RHODES  |e 19931001  |h 155.453 HER  |p N10011777  |q N10011777  |t BK  |v τ.2:  |y 12  |z τ.2 
853 |a INST  |b RHODES  |h 155.453 HER 
909 |a Ρ  |b 015881 
909 |a Ρ  |b 015882 
909 |a Ρ  |b 015883 
909 |a Ρ  |b 015884 
909 |a Ρ  |b 016739 
909 |a Ρ  |b 016740 
909 |a Ρ  |b 016741 
909 |a Ρ  |b 016742 
909 |a Ρ  |b 016911 
909 |a Ρ  |b 016912 
909 |a Ρ  |b 022458 
909 |a Ρ  |b 022459